Midnight /

Bibliographic Details
Main Author: Mao, Dun, 1896-1981
Format: Book
Language:English
Published: Peking : Foreign Language Press, 1979.
Edition:2nd ed.

MARC

Tag First Indicator Second Indicator Subfields
LEADER 00000cam a2200000 a 4500
001 in00000018947
005 20151007054119.0
008 871123s1979 cc a 00011 eng
010 |a  82215387  
035 |a (OCoLC)06374515 
035 |9 AAB4028AM 
040 |a DLC  |c DLC  |d UUM  |d TXA  |d UtOrBLW 
041 1 |a eng  |h chi 
049 |a TXAM  |c [A11113928] 
050 0 0 |a PL2801.N2  |b T913 1979 
082 0 4 |a 895.135 
100 1 |a Mao, Dun,  |d 1896-1981. 
240 1 0 |a Tzu yeh.  |l English 
245 1 0 |a Midnight /  |c Mao Tun ; [jacket design and illustrations by Yeh Chien-yu]. 
250 |a 2nd ed. 
264 1 |a Peking :  |b Foreign Language Press,  |c 1979. 
300 |a iv, 532 pages, 20 unnumbered leaves of plates :  |b illustrations ;  |c 22 cm. 
336 |a text  |b txt  |2 rdacontent 
337 |a unmediated  |b n  |2 rdamedia 
338 |a volume  |b nc  |2 rdacarrier 
500 |a Translation of: Tzu yeh. 
999 |a MARS 
999 f f |s 11549dde-1614-39b0-93d6-526803de7e96  |i 0cbee1dd-b32d-372a-8043-374efaa282cf  |t 0 
952 f f |p ric  |a Texas A&M University  |b Rellis Campus  |c Joint Library Facility  |d Remote Storage  |t 0  |e PL2801.N2 T913 1979  |h Library of Congress classification  |i unmediated -- volume  |m A14811113928 
998 f f |a PL2801.N2 T913 1979  |t 0  |l Remote Storage